000 00720cam a22002533a 4500
001 17982
003 PGUSA
005 20140828083401.0
008 060314s2006||||xxu|||||s|||||000 1 eng d
040 _aPGUSA
_beng
042 _adc
050 4 _aPZ
100 1 _aBailey, Temple,
_d-1953
245 1 0 _aJudy
_h[electronic resource] /
_cTemple Bailey
260 _bProject Gutenberg,
_c2006
506 _aPublic domain in the USA.
516 _aElectronic text
653 _aGirls -- Juvenile fiction
653 _aGrandparents as parents -- Juvenile fiction
653 _aCountry life -- Juvenile fiction
830 0 _aProject Gutenberg
_v17982
856 4 0 _uhttp://www.gutenberg.org/ebooks/17982
942 _cEB
999 _c247237
_d247237